000 00929nam a22003017a 4500
001 000550
003 DO-SdBNP
005 20170914104539.0
007 000550
008 161012b 2009 cc a ||||| |||| 00| 0 spa d
020 _a9789689385035
040 _aBPMSU
_bspa
_cBPMSU
041 _aspa
_heng
082 4 _a428.2461
_bI51
100 1 _a León Quintanar, Andrés
245 0 0 _aInglés para la vida diaria :
_bguía práctica /
_c[ed.] Andrés León Quintanar.
246 _a English for daily life
260 0 _a[China] :
_bLexus,
_c2009.
300 _a128 p. :
_bil. ;
_c38 cm.
500 _aCurso completo
650 4 _aINGLÉS
_xESTUDIO Y ENSEÑANZA
650 4 _aINGLÉS
_xGRAMÁTICA
_xESTUDIO Y ENSEÑANZA
700 1 2 _aLeón Quintana, Andrés
910 _aValidado. Control de calidad MFF
942 _2ddc
_cBK
945 _aInventariado /2017 VM
956 _2LOPEREZ
_310
_620161012
_8BPMSU
_a00041
999 _c11554
_d11554